000
00335nam a2200133Ia 4500
008
100328s9999 xx 000 0 und d
082
_b
1786
100
_a
Ralph Waldo Irine
245
_a
In Tune With Infinlfe
260
_b
G.Bell & Sons Ltd.
630
_a
In Tune With Infinlfe
730
_a
In Tune With Infinlfe
942
_c
BOOK
999
_c
498034
_d
498031